00802nam a22002537a 45000010005000000030006000050050017000110080041000280200018000690400029000870500014001160820008001301000027001382450037001652500037002022600035002393000045002745050007003195200143003265210018004695210018004876500024005056500019005295871FISKH20260401105728.0250127b cb ||||| |||| 00| 0 eng d a9780439578202 aFISKHbengcFISKHdFISKH aPZ7.R6413 a813 aRohmann, Ericd(1957-) aMy friend rabbit /cEric Rohmann aFirst paperback printing in 2004 aNew York :bScholastic,c2002. a30 pages :bcolor illustrations ;c21 cm aG  aSomething always seems to go wrong when Rabbit is around, but Mouse lets him play with his toy plane anyway because he is his good friend.8 a350 bLexile 8 aG bRaz-Plus  2FriendshipaAnimals 2MouseaRabbits